000
00473nam a2200145Ia 4500
008
100204s9999 xx 000 0 und d
082
_b
3380
100
_a
क्षेत्रमाडे सुमती
245
_a
सिंधुदुर्ग
260
_b
"कल्पतरु प्रकाशन, अलिबाग"
_c
1980
300
_a
156
630
_a
सिंधुदुर्ग
730
_a
सिंधुदुर्ग
942
_c
BOOK
999
_c
465530
_d
465527